000 00865nam0a22002651 4500
001 RU\INFOCOMM_327\NLR\5000069858
005 20250613112815.0
035 _a(NLR Aleph) 009620245
090 _a9427963
_c9427963
100 _a20130321d1959 |||y0rusy50 ca
101 1 _aeng
102 _aRU
105 _ay z |||||
200 1 _aˆThe ‰word as a physiological and therapeutic factor
_e(The theory and practice of psychotherapy according to I. P. Pavlov)
210 _aM.
_cForeign languages publ. house
_d1959
215 _a452 с., 6 л. ил.
_cил.
_d26 см
320 _aБиблиогр.: с. 434-452
620 _aМосква
686 _aМе7-120
_2rubbk
700 1 _aPlatonov
_bK. I.
_f1877-
_gKonstantin Ivanovič
801 1 _aRU
_bInfocomm
_c20130321
801 0 _aRU
_bINFOCOMM
_gPSBO
852 _aNLR
_jМд21 Г-7/199
942 _cBOOK
980 _aNB